|
|
|
|
| LEADER |
00926nam a22002297a 4500 |
| 001 |
35683 |
| 003 |
BD-DhAAL |
| 005 |
20211129151856.0 |
| 008 |
190919t1992 bg a|||| |||| 00| 0 eng d |
| 999 |
|
|
|c 41316
|d 41316
|
| 040 |
|
|
|a BD-DhAAL
|
| 082 |
|
|
|a 792.0904
|2 23
|
| 245 |
|
|
|a The world of theatre,
|n 1990-92 /
|c edited by Ramendu Majumdar ; International Theatre Institute.
|
| 260 |
|
|
|a Dhaka :
|b Bangladesh Centre of ITI,
|c 1992
|
| 300 |
|
|
|a 274 pages :
|b illustrations ;
|c 22 cm
|
| 526 |
|
|
|a BIED
|
| 541 |
|
|
|a Complimentary copy from BIED
|e 35683
|
| 650 |
|
|
|a Theater
|x History
|y 20th century.
|9 34895
|
| 700 |
|
|
|a Majumdar, Ramendu
|9 34896
|
| 852 |
|
|
|a Ayesha Abed Library
|c BIED Collection
|
| 942 |
|
|
|2 ddc
|c BK
|
| 952 |
|
|
|0 0
|1 0
|2 ddc
|4 0
|6 792_090400000000000_WOR
|7 0
|9 66407
|a BRACUL
|b BRACUL
|c GEN
|d 2019-09-19
|e Complimentary copy from BIED
|l 0
|o 792.0904 WOR
|p 3010035683
|r 2019-09-19
|t 1
|w 2019-09-19
|y BK
|x Transferred from BIED to General Stacks
|